000 00601nam a22001937a 4500
005 20251108164129.0
008 250721s1984 xx 000 0 ara d
082 1 4 _a210.96/جوز
100 1 _aجوزيف، جوان
245 1 0 _aالإسلام في ممالك و إمبرطوريات إفريقيا السوداء /
264 1 _aالقاهرة :
_bدار الكتاب المصري،
_c1984.
300 _a163ص.
650 1 7 _aالإسلام
650 1 7 _aالتاريخ
650 1 7 _aإفريقيا
700 1 _aالسويفي، مختار
_eترجمة
942 _2ddc
_cBK
999 _c4396
_d4396